| 000 | 00773nam a2200193 a 4500 | ||
|---|---|---|---|
| 001 | 000029646 | ||
| 005 | 20200930055712.0 | ||
| 008 | 110415s2006 dr 000 0 spa d | ||
| 040 |
_aDO-SdBNP _bspa _cBNPHU |
||
| 082 |
_axxx _bC3978a |
||
| 110 | 2 |
_aCentro Nacional de Investigaciones en Salud Materno Infantil _955757 |
|
| 245 | 1 | 0 |
_aSeroprevalencia del Virus de Inmunodeficiencia Humana en Pacientes con Tuberculosis / _ceditor Eddy Pérez, Jannette Báez Telleria. |
| 260 |
_aSanto Domingo : _bCENISMI, _c2006. |
||
| 300 |
_avi, 11 p. ; _c28 cm. |
||
| 490 | 1 |
_aInvestigaciones en salud _areuniones Técnicas _v1 |
|
| 700 | 1 |
_aPérez, Eddy, _eed. _956333 |
|
| 700 | 1 |
_aBáez Telleria, Jannette _eed. _956456 |
|
| 830 | 0 |
_aInvestigaciones en salud _preuniones Técnicas _v1 _956423 |
|
| 999 |
_c29138 _d29138 |
||